| 000 | 01174nam a22003497a 4500 | ||
|---|---|---|---|
| 003 | CHAP | ||
| 005 | 20220329140223.0 | ||
| 008 | 971013s1979 r 00010 d | ||
| 010 | _a48749 | ||
| 011 | _a49721 | ||
| 035 | _a53871 | ||
| 040 | _cCHAP | ||
| 090 | _aTesis | ||
| 100 | 0 | 0 |
_aVélez Memije, Ernesto. _9120583 |
| 245 | _aProyecto para la instalación de un frigorífico y empacadora de carnes selectas de ganado bovino en Acapulco, Gro. | ||
| 260 |
_aMéxico, D.F. : _bEl autor, _c1979 |
||
| 300 | _a114 h. | ||
| 502 | _aTesis (Lic. en Economía) -- UNAM. Fac. de Economía | ||
| 590 |
_aALEPH _b10 _c20130110 _lUCH01 _h1321 |
||
| 590 |
_aBATCH-UPD _b10 _c20130110 _lUCH01 _h0203 |
||
| 590 |
_aBATCH-UPD _b10 _c20130110 _lUCH01 _h1258 |
||
| 590 |
_aBATCH-UPD _b10 _c20130410 _lUCH01 _h0817 |
||
| 590 |
_aBATCH-UPD _b10 _c20130914 _lUCH01 _h0850 |
||
| 590 |
_aCONVERSION _b10 _c20130109 _lUCH01 _h1327 |
||
| 650 | 1 | 4 |
_aCarne de res _xEmpaque. _919201 |
| 650 | 1 | 4 |
_aCarne de res _xIndustria. _919204 |
| 650 | 1 | 4 |
_aFrigoríficos. _943317 |
| 650 | 1 | 4 |
_aProyectos industriales. _992531 |
| 901 | _aBK | ||
| 942 | _cTESIS | ||
| 949 |
_bBC _cTES _d-119203 _eTS1 _h17924 _i53871 _si |
||
| 999 |
_c48749 _d48749 |
||